Proceedings of international conference energy conservation in crop production, August, 1977, Massey University, Palmerston North New Zealand /

Bibliographic Details
Other Authors: Baker, Michael
Format: Book
Language:English
Published: Palmerston North, N.Z. : Depts. of Agronomy and University Extension, Massey University, 1977
Subjects:

MARC

Tag First Indicator Second Indicator Subfields
LEADER 00000cam a2200000 a 4500
001 in00000523713
005 20151013091717.0
008 781101s1977 at a b 10000 eng d
035 |a (OCoLC)04338083 
035 |9 ACF9395AM 
040 |a AGL  |c AGL  |d m.c.  |d TXA  |d UtOrBLW 
049 |a TXAM  |c [1276168] 
070 |a S494.5.E5I5  |b 1977 
090 |a S494.5.E5  |b P6 1978 
245 0 0 |a Proceedings of international conference energy conservation in crop production, August, 1977, Massey University, Palmerston North New Zealand /  |c edited by Michael Baker. 
264 1 |a Palmerston North, N.Z. :  |b Depts. of Agronomy and University Extension, Massey University,  |c 1977 
264 3 |c 1978 printing 
300 |a v, 240 pages :  |b illustrations 
336 |a text  |b txt  |2 rdacontent 
337 |a unmediated  |b n  |2 rdamedia 
338 |a volume  |b nc  |2 rdacarrier 
500 |a Held Aug. 1977. 
504 |a Includes bibliographical references. 
650 0 |a Agriculture  |x Energy consumption  |x Congresses. 
650 0 |a Field crops. 
700 1 |a Baker, Michael. 
740 0 |a Energy conservation in crop production. 
999 |a MARS 
999 f f |s e22c20ba-8b2a-3320-854c-121fc348811b  |i aa23c7ae-20b3-384c-9935-6ac7b7a5b597  |t 0 
952 f f |p ric  |a Texas A&M University  |b Rellis Campus  |c Joint Library Facility  |d Remote Storage  |t 0  |e S494.5.E5 P6 1978  |h Library of Congress classification  |i unmediated -- volume  |m A14808047168 
998 f f |a S494.5.E5 P6 1978  |t 0  |l Remote Storage